Footprints of Hindutva in Kashmir/ (Record no. 213313)

MARC details
000 -LEADER
fixed length control field 00630nam a22001817a 4500
005 - DATE AND TIME OF LATEST TRANSACTION
control field 20250904110013.0
010 ## - LCCN (DPL NO)
LC control number ENG-146622
020 ## - INTERNATIONAL STANDARD BOOK NUMBER
International Standard Book Number 9789363479623
Terms of availability 349.00
035 ## - SYSTEM CONTROL NUMBER
System control number EN-130154
037 ## - SOURCE OF ACQUISITION
Source of stock number/acquisition DBAD
082 ## - DEWEY DECIMAL CLASSIFICATION NUMBER
Classification number 324.209
100 ## - MAIN ENTRY--PERSONAL NAME
Personal name Pandit, M Saleem
245 ## - TITLE STATEMENT
Title Footprints of Hindutva in Kashmir/
Statement of responsibility, etc M Saleem Pandit
260 ## - PUBLICATION, DISTRIBUTION, ETC. (IMPRINT)
Place of publication, distribution, etc Haryana
Name of publisher, distributor, etc Bigfoot Publication
Date of publication, distribution, etc Aug, 2024
270 ## - ADDRESS
Address 1st floor, BSR Building near Vishal Mega Mart, Daultabad flyover, Laxman Vihar, Gurugram
City Haryana
Electronic mail address info@bigfootpublications.in
Postal code 122001
300 ## - PHYSICAL DESCRIPTION
Extent 248p.
Dimensions 23cm(pbk)
942 ## - ADDED ENTRY ELEMENTS (KOHA)
Source of classification or shelving scheme Dewey Decimal Classification
Item type English Books
Classification part 324.209
Call number suffix PAN
Holdings
Withdrawn status Lost status Not for loan Collection code Home library Current library Date acquired Source of acquisition Cost, normal purchase price Full call number Barcode Copy number Cost, replacement price Koha item type
    Not For Loan Non-fiction Mobile Library Mobile Library 04/09/2025 DBAD 349.00 324.209 PAN EN-130154 1 349.00 English Books

© Delhi Public Library
Hit Counter
free hit counter